Financovanie podniku a získavanie kapitálu z externých zdrojov financovania bakalárska práca
Guardado en:
| Autor principal: | |
|---|---|
| Autor Corporativo: | |
| Otros Autores: | |
| Formato: | Libro |
| Lenguaje: | eslovaco |
| Publicado: |
Bratislava
2013
|
| Etiquetas: |
Sin Etiquetas, Sea el primero en etiquetar este registro!
|
MARC
| LEADER | 00000nbm a2200000 4500 | ||
|---|---|---|---|
| 001 | 0173036 | ||
| 005 | 20161109112134.2 | ||
| 041 | 0 | |a slo | |
| 044 | |a SK | ||
| 245 | 1 | 0 | |a Financovanie podniku a získavanie kapitálu z externých zdrojov financovania |b bakalárska práca |c Jaroslav Labaš ; školiteľ: Lucia Linkayová |
| 264 | 1 | |a Bratislava |c 2013 | |
| 300 | |a 44 s. | ||
| 100 | 1 | |a Labaš, Jaroslav | |
| 700 | 1 | |a Linkayová, Lucia | |
| 710 | 2 | |a Fakulta podnikového manažmentu EU. Katedra podnikových financií | |